000 00533nam a2200205Ia 4500
001 b4155-24789 [3707]
003 IT-MiCISF
008 161014s9999||||xx |||||||||||||| ||und||
040 _aIT-MiCISF
_cIT-MiCISF
041 _ait
100 _aAllegri Elena
245 0 _aSupervisione e lavoro sociale
250 _a1a ed.
260 _a Roma
_bNIS
_c1997
300 _app. 151
500 _a / servizi-sociali, formazione, operatori-sociali /
650 _aservizi-alla-persona
942 _cBK
957 _71
999 _a24789
_bsi
_g1
_c213141
_d213141